| 000 | 00745nmc a2200289 a 4500 | ||
|---|---|---|---|
| 003 | AR-BaBNM | ||
| 005 | 20251128211433.0 | ||
| 008 | 214020s2003 ||||||||||||||000 | spa|| | ||
| 020 | _a950-07-2380-8 | ||
| 040 | _cAR-BaBNM | ||
| 100 | 1 | _aValentino, Esteban | |
| 245 | 1 | 0 | _aEl cuerpo de Isidoro |
| 250 | _a1ª ed. | ||
| 260 |
_aBuenos Aires _bSudamericana _c2003 |
||
| 300 | 0 | _a32 p. | |
| 490 | 0 | _aLos caminadores | |
| 500 | 0 | _aEdad sugerida a partir de 4 años | |
| 650 | 4 | _aLITERATURA ARGENTINA | |
| 650 | 4 | _aLITERATURA INFANTIL | |
| 650 | 4 | _aLIBROS PARA NINOS | |
| 650 | 4 | _aCUENTOS DE AVENTURAS | |
| 655 | _aLITERATURA | ||
| 700 | 1 |
_aRodríguez, Carlus _eilustrador |
|
| 800 | 0 | _aCanela | |
| 942 | _cBK | ||
| 998 | _cmartin | ||
| 999 |
_c19687 _d19687 |
||